Ứng dụng phương pháp thống kê địa lý và viễn thám trong đánh giá trữ lượng đất than bùn khu vực vườn quốc gia U Minh Hạ tỉnh Cà Mau
Ứng dụng phương pháp thống kê địa lý và viễn thám trong đánh giá trữ lượng đất than bùn khu vực vườn quốc gia U Minh Hạ tỉnh Cà Mau
Đã lưu trong:
| Hovedforfatter: | |
|---|---|
| Format: | Bog |
| Sprog: | Undetermined |
| Udgivet: |
Cần Thơ
Đại học Cần Thơ
2009
|
| Fag: | |
| Tags: |
Tilføj Tag
Ingen Tags, Vær først til at tagge denne postø!
|
| Thư viện lưu trữ: | Trung tâm Học liệu Trường Đại học Cần Thơ |
|---|
| LEADER | 01133nam a2200229Ia 4500 | ||
|---|---|---|---|
| 001 | CTU_154454 | ||
| 008 | 210402s9999 xx 000 0 und d | ||
| 082 | |a 333.75 | ||
| 082 | |b Đ305 | ||
| 088 | |a 60620103 | ||
| 100 | |a Cao, Ngũ Ngọc Điền | ||
| 245 | 0 | |a Ứng dụng phương pháp thống kê địa lý và viễn thám trong đánh giá trữ lượng đất than bùn khu vực vườn quốc gia U Minh Hạ tỉnh Cà Mau | |
| 245 | 0 | |c Cao Ngũ Ngọc Điền ; Võ Quang Minh hướng dẫn | |
| 260 | |a Cần Thơ | ||
| 260 | |b Đại học Cần Thơ | ||
| 260 | |c 2009 | ||
| 520 | |a Ứng dụng phương pháp thống kê địa lý và viễn thám trong đánh giá trữ lượng đất than bùn khu vực vườn quốc gia U Minh Hạ tỉnh Cà Mau | ||
| 650 | |a Natural resources,Peat soils,Tài nguyên thiên nhiên,Đất than bùn | ||
| 650 | |x Soil,Đất | ||
| 650 | |z Vietnam,Vietnam,Việt Nam,Việt Nam | ||
| 904 | |i Trọng Hiếu | ||
| 980 | |a Trung tâm Học liệu Trường Đại học Cần Thơ | ||